000 00297nam a2200133Ia 4500
008 190216s9999||||xx |||||||||||||| ||und||
100 _aSkaria P P
245 0 _aMacro Economic Analysis
250 _a6th
260 _bVrindavan Pub
_c1998
300 _a312p
650 _aEconomics
942 _cBK
999 _c10357
_d10357